| 000 | 00637nam a22001937a 4500 | ||
|---|---|---|---|
| 005 | 20251108172904.0 | ||
| 008 | 250721s2002 xx 000 0 ara d | ||
| 082 | 1 | 4 | _aم/ 615.882/ سين |
| 100 | 1 | _aابن سينا، شرف الملك أبو علي الحسين | |
| 245 | 1 | 0 | _aالقانون في الطب / |
| 264 | 1 |
_aبيروت : _bدار الفكر للطباعه و النشر و التوزيع، _c2002. |
|
| 300 | _a4ج. | ||
| 650 | 1 | 7 | _aالنباتات الطبية |
| 650 | 1 | 7 | _aالتاريخ |
| 650 | 1 | 7 | _aالطب التقليدي |
| 700 | 1 |
_aاللحام، سعيد _eed. |
|
| 942 |
_2ddc _cREF |
||
| 999 |
_c91016 _d91016 |
||